IBPS BANK PO: (Record no. 183184)

MARC details
000 -LEADER
fixed length control field 00628 a2200181 4500
005 - DATE AND TIME OF LATEST TRANSACTION
control field 20211220113148.0
010 ## - LCCN (DPL NO)
LC control number ENG-130414
020 ## - INTERNATIONAL STANDARD BOOK NUMBER
International Standard Book Number 978-93-86720-41-2
Terms of availability 999.00
035 ## - SYSTEM CONTROL NUMBER
System control number EN-113946
037 ## - SOURCE OF ACQUISITION
Source of stock number/acquisition DBAD/PUB
082 ## - DEWEY DECIMAL CLASSIFICATION NUMBER
Classification number 000
Item number 1
245 ## - TITLE STATEMENT
Title IBPS BANK PO:
Statement of responsibility, etc Edited by Ganga Prasad
Remainder of title Solved Question Paper
260 ## - PUBLICATION, DISTRIBUTION, ETC. (IMPRINT)
Place of publication, distribution, etc Ghaziabad
Name of publisher, distributor, etc Rathore Publishers & Distributors
Date of publication, distribution, etc 2019
270 ## - ADDRESS
Address Basement 260, ShaktiKand-III, Indirapuram, Ghazidabad
City Uttar Pradesh
Postal code 201010
Electronic mail address rathorepublishers@gmail.com
300 ## - PHYSICAL DESCRIPTION
Extent 483p.
Dimensions 22cm (hbk)
700 ## - ADDED ENTRY--PERSONAL NAME
Personal name Edited by Ganga Prasad
942 ## - ADDED ENTRY ELEMENTS (KOHA)
Institution code [OBSOLETE] dpl
Item type English Books
Source of classification or shelving scheme Dewey Decimal Classification
Classification part 000
Call number suffix PRA
Holdings
Withdrawn status Lost status Not for loan Collection code Home library Current library Date acquired Source of acquisition Cost, normal purchase price Full call number Barcode Copy number Cost, replacement price Koha item type
      Non-fiction Patel Nagar Patel Nagar 20/12/2021 DBAD/PUB 999.00 000 PRA EN-113946 1 999.00 English Books

© Delhi Public Library
Hit Counter
free hit counter